En la Granja Experimental de Caldas de Montbuy : visita del Gobernador civil y la corporación provincial visita del Gobernador civil y la corporación provincial
Colección:
San Jorge,
; núm. 6 (abril 1952), pàg 61
Materias:
Buxó de Abaigar, Joaquín, -- marqués de Castell-Florite, -- 1905-1979
; Acedo Colunga, Felipe, -- 1896-1965
; Escola Pràctica d'Agricultura (Caldes de Montbui)
; Visites oficials -- Barcelona (Província)
Idioma:
Español
MARC
| LEADER | 00000naa a2200000 a 4500 | ||
|---|---|---|---|
| 003 | Arxiu | ||
| 005 | 20260324181039.0 | ||
| 008 | 160829s1952 spc xx s spa c | ||
| 040 | |a agdb | ||
| 245 | 0 | 0 | |a En la Granja Experimental de Caldas de Montbuy : |b visita del Gobernador civil y la corporación provincial |
| 490 | |a San Jorge, |v núm. 6 (abril 1952), pàg 61 | ||
| 590 | |a El nom de l'escola és: Escola Pràctica d'Agricultura (Caldes de Montbui) | ||
| 600 | 1 | 0 | |a Buxó de Abaigar, Joaquín, |c marqués de Castell-Florite, |d 1905-1979 |9 54201 |
| 600 | 1 | 0 | |a Acedo Colunga, Felipe, |d 1896-1965 |9 53867 |
| 610 | 2 | 0 | |a Escola Pràctica d'Agricultura (Caldes de Montbui) |9 54571 |
| 650 | 0 | |a Visites oficials |9 54039 |z Barcelona (Província) | |
| 901 | |a Arxiu | ||
| 942 | |n 1 |2 udc |c ART | ||
| 952 | |0 0 |1 0 |4 0 |7 1 |9 64235 |a Arxiu |b Arxiu |d 2022-11-21 |o Rev-508 |r 2022-11-21 00:00:00 |w 2022-11-21 |y ARXIU |z També disponible a Rev-521 | ||
| 999 | |c 48828 |d 48828 | ||